| 000 | 00621nam a22001937a 4500 | ||
|---|---|---|---|
| 003 | OSt | ||
| 005 | 20180116183033.0 | ||
| 008 | 151222b xxu||||| |||| 00| 0 eng d | ||
| 020 | _a03-839-2010-1 | ||
| 024 | _203-839-2010-1 | ||
| 040 | _cLahore LUMS | ||
| 082 | _a 174.4 LUM 2010 | ||
| 100 | _aChatha, KA | ||
| 245 |
_aSYSTEMIZING PROJECT MANAGEMENT (PRACTICES) AT ELECTRONIC SYSTEMS INC. _cChatha, KA |
||
| 260 |
_aLahore LUMS _bLahore University of Management Sciences _c2010 |
||
| 300 |
_a22 p. _bPapers |
||
| 440 | _aSYSTEMIZING PROJECT MANAGEMENT (PRACTICES) AT ELECTRONIC SYSTEMS INC. | ||
| 942 |
_2ddc _cCS |
||
| 999 |
_c351081 _d351081 |
||